| 000 | 00671nam a2200181Ia 4500 | ||
|---|---|---|---|
| 008 | 100921s9999 xx 000 0 und d | ||
| 082 |
_b4506 _a320 थ 40 |
||
| 100 | _aपोतनीस श्रीकृष्ण रामचंद्र. | ||
| 245 | _aउद्याचे जग. | ||
| 260 |
_bमहाराष्ट्र ग्रंथ भांडार,मुंबई. _c1940 |
||
| 300 |
_a138 _b--- |
||
| 365 | _b1.5 | ||
| 520 | _aस.शा.राज्यशास्त्र. | ||
| 630 | _aउद्याचे जग. | ||
| 650 | _aस.शा.राज्यशास्त्र. | ||
| 730 | _aउद्याचे जग. | ||
| 942 | _cBOOK | ||
| 999 |
_c753619 _d753616 |
||